| 000 | 00771cam a22002415 4500 | ||
|---|---|---|---|
| 001 | 190553 | ||
| 003 | SpMaBN | ||
| 005 | 20250811063209.0 | ||
| 008 | 210902s1992 sp 001 p spa | ||
| 020 | _a84-87417-19-1 | ||
| 080 | _a821.134.2-14"19" | ||
| 100 | 1 |
_aGarcía-Araus, Luis, _d1970- _9159477 |
|
| 245 | 1 | 0 |
_aMetafísica fractal / _cLuis García-Araus ; [prólogo, Carlos Piera]. |
| 260 |
_aMadrid : _bLa Palma, _c1992. |
||
| 300 |
_a65 p. ; _c21 cm. |
||
| 490 | 1 |
_aLa Palma ; _v19 |
|
| 700 | 1 |
_aPiera, Carlos _991922 |
|
| 830 | 1 |
_aLa Palma ; _v19 _9225902 |
|
| 852 | 4 |
_aES-MaACL _jA-14774 _9197731 _bR.152282 _cDEPO1 _dOlim: N-7774 _hDonación: Editorial |
|
| 942 |
_2udc _cMONOGRAFIA |
||
| 999 |
_c190553 _d190553 |
||